000 01176cam a2200349 i 4500
001 17737738
003 EG-ScBUE
005 20230515124750.0
008 130514t2014 enka f b 001 0 eng d
020 _a9781446273593 (pbk.)
040 _aDLC
_beng
_erda
_cDLC
_dDLC
_dEG-ScBUE
082 0 0 _a306.470904
_222
_bJUL
100 1 _aJulier, Guy,
_eauthor.
245 1 4 _aThe culture of design /
_cGuy Julier.
250 _aThird edition.
264 1 _aLondon :
_bSage Publication Ltd,
_c[2014]
264 4 _cc2014
300 _axvi, 280 pages :
_billustrations ;
_c24 cm
336 _atext
_btxt
_2rdacontent
337 _aunmediated
_bn
_2rdamedia
338 _avolume
_bnc
_2rdacarrier
504 _aIncludes bibliographical references and index.
650 7 _aDesign
_xHistory
_y20th century.
_2BUEsh
650 7 _aDesign
_xSocial aspects.
_2BUEsh
650 7 _aIndustrial design
_xSocial aspects.
_2BUEsh
650 7 _aCommunication in design.
_2BUEsh
653 _bART
_cMay2023
655 _vReading book
906 _a7
_bcbc
_corignew
_d2
_eepcn
_f20
_gy-gencatlg
942 _2ddc
_cBB
999 _c30391
_d30362